000 00588nam a2200193Ia 4500
003 IN-BaIIA
008 211028s9999 xx 000 0 eng d
040 _cIIA Library
080 _a53(03)
_bENC-VIII
245 0 _aEncyclopedia of physics
_bvol. VIII/2
_cedited by Flugee, S. and C. Truesdell
260 _aBerlin
_bSpringer-Verlag
_c1963
300 _avi, 696p.
650 _aEncyclopedia-Physics
_93090
650 _aNASA Thesaurus
650 _aPhysics
_973
700 _aFlugee, S.,ed.,
700 _aTruesdell C., ed.
_93925
942 _cBK
999 _c2103
_d2103